000 00500nam a2200205Ia 4500
005 20230327150246.0
008 131103s9999 xx 000 0 und d
020 _a812950653X
_cRs.60.00
040 _aLoreto College
041 _aEnglish
082 _a891.443
_bGHO
100 _aGhosh,Subodh
245 _aOmnibus
_cSubodh Ghosh
260 _aKolkata
_bDey's Publishing
_c2006
300 _a208p
650 _aFiction-Bengali
651 _aBengali-Fiction
850 _aLCLIB
942 _cBK
999 _c37883
_d88362